000 00666nas a2200229 4500
001 BR8803330
003 BR-BrBNA
005 20231205091151.0
007 ta
008 230509b bl.|||p| |||| 00| 00por d
040 _aBR-BrBNA
_bpor
_cBiblioteca Nacional de Agricultura
041 _a(Pt)
072 _aK50
100 1 _aVianna Neto, J.A. de A.
245 1 _aConsideracoes basicas sobre desdobro de Pinus spp.
650 _aPINHEIRO
650 _aTORA
650 _aINDUSTRIA FLORESTAL
773 0 _tSilvicultura (Brazil)
_xISSN 0100-3615
_g(Jan-Feb 1984), v. 9(34) p. 15-19
_wBR8803330
909 _a202311
_bLúcia
_c55
_dLúcia Elande
942 _2AGRIS
_n0
_cANA
999 _c123277
_d123277